00422nam a2200205Ia 4500003000900000008004100009040001300050040001300063041000800076100001200084245004100096250000900137260000900146260000900155300001100164300000700175300000800182490002000190490000600210IT-RoPAU120407s9999 xx 000 0 und d aIT-RoPAU cIT-RoPAU aita aP. Hitz aL’annuncio missionario del vangelo aRoma aMame c1959 a213 p. b21 c cm aStudi pastorali v4